000 00376nam a22001697a 4500
005 20160625114718.0
008 160625b xxu||||| |||| 00| 0 eng d
020 _a81-203-2133-2
041 _aeng
082 _b10051
100 _aAwad, Elias M
_92011
245 _aElectronic Commerce
260 _bPHI
_c2004
300 _a459
650 _aManagement
_9241
942 _cBK
999 _c3984
_d3983